000 00731nam a2200229 i 4500
001 52858
003 ES-MaACL
005 20250808022121.0
007 t|
008 030905s1951 sp ||||1| spa d
100 1 _aDegrelle, León.
_943231
245 1 3 _aLa campaña de Rusia /
_cLeón Degrelle ; [versión española de Eugenio Tejada].
250 _a[1ª ed.].
260 _aBarcelona :
_bLuis de Caralt,
_c[1951] (
_fHesperia)
300 _a429 p., 4 lám. ;
_c20 cm.
490 1 _aLa vida vivida
650 0 4 _aGuerra mundial, 1939-1945-
_xCampañas-
_zURSS.
_913234
700 1 _aTejada, Eugenio.
_9109555
830 0 3 _aLa vida vivida
_9180877
852 _aES-MaACL
_jD-5493
_bR.31021
999 _c52858
_d52858